Казачество в Гражданской войне. Уроки истории. К 100-летию начала политики расказачивания (Запись № 12210881)

Подробности
000 -МАРКЕР
контрольное поле 02889nam0a2200373 4500
001 - ИДЕНТИФИКАТОР ЗАПИСИ
контрольное поле RU\NLR\BIBL_A\012164914
005 - ИДЕНТИФИКАТОР ВЕРСИИ
контрольное поле 20220804131512.0
010 ## - МЕЖДУНАРОДНЫЙ СТАНДАРТНЫЙ НОМЕР КНИГИ (ISBN)
Номер (ISBN) 978-5-8243-2369-6
Тираж 300
021 ## - НОМЕР ГОСУДАРСТВЕННОЙ РЕГИСТРАЦИИ
Код страны Российская Федерация
Номер КН-П-19-085228
Номер Листа государственной регистраци КН-П-19-6204
035 ## - ДРУГИЕ СИСТЕМНЫЕ НОМЕРА
Идентификатор записи (NLR Aleph) 012164914
035 ## - ДРУГИЕ СИСТЕМНЫЕ НОМЕРА
Идентификатор записи (RuMoRGB)010152570
100 ## - ДАННЫЕ ОБЩЕЙ ОБРАБОТКИ
Данные общей обработки 20191216d2019 k y0rusy50 ca
101 0# - ЯЗЫК РЕСУРСА
Язык текста, звукозаписи и т.д. русский
102 ## - СТРАНА ПУБЛИКАЦИИ ИЛИ ПРОИЗВОДСТВА
Страна публикации Российская Федерация
105 ## - ПОЛЕ КОДИРОВАННЫХ ДАННЫХ: ТЕКСТОВЫЕ МАТЕРИАЛЫ, МОНОГРАФИЧЕСКИЕ
Кодированные данные о монографическом текстовом документе y|||z|||110zy
200 1# - ЗАГЛАВИЕ И СВЕДЕНИЯ ОБ ОТВЕТСТВЕННОСТИ
Основное заглавие Казачество в Гражданской войне. Уроки истории. К 100-летию начала политики расказачивания
Сведения, относящиеся к заглавию сборник избранных докладов цикла научных конференций [2013-2019, включающие в себя материалы III Международной научно-практической конференции "Революционные события в России и судьбы казачества", состоявшейся в Париже 22-23 мая 2018 гг.]
Первые сведения об ответственности Федеральное архивное агентство, Российский государственный архив социально-политической истории [и др.
Последующие сведения об ответственности редакционная коллегия: ... А.К. Сорокин, отв. редактор и др.]
210 ## - ПУБЛИКАЦИЯ, РАСПРОСТРАНЕНИЕ И ДР.
Место издания, распространения и т.д. Москва
Имя издателя, распространителя и т. д. РОССПЭН
Дата издания, распространения и т.д. 2019
215 ## - ФИЗИЧЕСКАЯ ХАРАКТЕРИСТИКА
Специфическое обозначение материала и объем 110 с.
Размеры 24
320 ## - ПРИМЕЧАНИЯ О НАЛИЧИИ В ДОКУМЕНТЕ БИБЛИОГРАФИИ / УКАЗАТЕЛЯ
Текст примечания Библиогр.: с. 103 (14 назв.) и в подстроч. примеч.
517 1# - ДРУГИЕ ВАРИАНТЫ ЗАГЛАВИЯ
Вариант заглавия Уроки истории
606 1# - НАИМЕНОВАНИЕ ТЕМЫ КАК ПРЕДМЕТ
Наименование темы Казачество
Формальный подзаголовок Сборники
Тематический подзаголовок Участие в Гражданской войне в России
Хронологический подзаголовок 1918 - 1920
Системный номер авторитетной/нормативной записи 2272480
Идентификатор авторитетной/нормативной записи RU\NLR\AUTH\661361979
686 1# - ИНДЕКСЫ ДРУГИХ КЛАССИФИКАЦИЙ
Индекс Т3(2)712.9-476я43
686 1# - ИНДЕКСЫ ДРУГИХ КЛАССИФИКАЦИЙ
Индекс Ц35(2)712-59я431(0)
702 #1 - ИМЯ ЛИЦА - ВТОРИЧНАЯ ОТВЕТСТВЕННОСТЬ
Код отношения Редактор
Графика поля Кириллица
Материалы, к которым относится поле rus
Начальный элемент ввода Сорокин
Часть имени, кроме начального элемента ввода А. К.
Дополнения к именам, кроме дат канд. ист. наук, архивист
Даты 1959-
Расширение инициалов личного имени Андрей Константинович
Системный номер авторитетной/нормативной записи 105893
Идентификатор авторитетной/нормативной записи RU\NLR\AUTH\77122968
711 12 - НАИМЕНОВАНИЕ ОРГАНИЗАЦИИ - АЛЬТЕРНАТИВНАЯ ОТВЕТСТВЕННОСТЬ
Начальный элемент ввода "Казачество в гражданской войне. Уроки истории. К 100-летию начала политики расказачивания", научная конференция
Место проведения временной организации Москва
Дата проведения временной организации 2019
Системный номер авторитетной/нормативной записи 688973
Идентификатор авторитетной/нормативной записи RU\NLR\AUTH\880514171
711 12 - НАИМЕНОВАНИЕ ОРГАНИЗАЦИИ - АЛЬТЕРНАТИВНАЯ ОТВЕТСТВЕННОСТЬ
Начальный элемент ввода "Революционные события в России и судьбы казачества", международная научно-практическая конференция
Порядковый номер временной организации и / или порядковый номер ее части 3
Место проведения временной организации Париж
Дата проведения временной организации 2018
Системный номер авторитетной/нормативной записи 688975
Идентификатор авторитетной/нормативной записи RU\NLR\AUTH\880514172
712 02 - НАИМЕНОВАНИЕ ОРГАНИЗАЦИИ - ВТОРИЧНАЯ ОТВЕТСТВЕННОСТЬ
Код отношения Организатор конференции
Начальный элемент ввода Российский государственный архив социально-политической истории
Системный номер авторитетной/нормативной записи 530088
Идентификатор авторитетной/нормативной записи RU\NLR\AUTH\8810016122
942 ## - ДОПОЛНИТЕЛЬНЫЕ ЭЛЕМЕНТЫ ЗАПИСИ (АБИС)
Тип экземпляра АБИС Книга
980 ## - КОЛЛЕКЦИЯ
Название коллекции НБР
980 ## - КОЛЛЕКЦИЯ
Название коллекции Национальная библиография

Нет доступных экземпляров.